Nobel Prize for Physiology or Medicine/ (Record no. 188923)

MARC details
000 -LEADER
fixed length control field 00588nam a22001937a 4500
005 - DATE AND TIME OF LATEST TRANSACTION
control field 20220607152903.0
010 ## - LCCN (DPL NO)
LC control number ENG-133096
020 ## - INTERNATIONAL STANDARD BOOK NUMBER
Terms of availability 250.00
International Standard Book Number 978-93-81680-01-8
035 ## - SYSTEM CONTROL NUMBER
System control number EN-116628
037 ## - SOURCE OF ACQUISITION
Source of stock number/acquisition DBAD/PUB
082 ## - DEWEY DECIMAL CLASSIFICATION NUMBER
Classification number 920
100 ## - MAIN ENTRY--PERSONAL NAME
Personal name Sarkar, Dilip Kumar
245 ## - TITLE STATEMENT
Title Nobel Prize for Physiology or Medicine/
Statement of responsibility, etc Dilip Kumar Sarkar
250 ## - EDITION STATEMENT
Remainder of edition statement Kolkata
260 ## - PUBLICATION, DISTRIBUTION, ETC. (IMPRINT)
Date of publication, distribution, etc 2019
Name of publisher, distributor, etc Principal Dilip Kumar Sarkar
270 ## - ADDRESS
Address I39A, C-4/2, Triparna, 39A, Gobinda Auddy Road Chetla
City KOlkata
Postal code 27
300 ## - PHYSICAL DESCRIPTION
Extent 200p.
Dimensions 21cm(pbk)
942 ## - ADDED ENTRY ELEMENTS (KOHA)
Source of classification or shelving scheme Dewey Decimal Classification
Item type English Books
Call number suffix SAR
Classification part 920
Holdings
Withdrawn status Lost status Not for loan Collection code Home library Current library Date acquired Source of acquisition Cost, normal purchase price Full call number Barcode Copy number Cost, replacement price Koha item type
      Non-fiction Ashok Vihar Ashok Vihar 07/06/2022 DBAD/PUB 250.00 920 SAR EN-116628 DBAD/PUB 250.00 English Books

© Delhi Public Library
Hit Counter
free hit counter